000 00311 a2200145 4500
001 75181
020 _a9788578417703
040 _cAnchieta - Colégio São Paulo
240 1 0 _aLivros dos desafios
_lpor
245 1 0 _aLivros dos desafios
300 _a199
362 0 _a2012
650 4 _aLeitura
942 _cBK
999 _c75181
_d75181